00913cam a22003014a 450000100090000000300040000900500170001300800410003001000170007102000180008804000130010604200100011904300120012905000230014108200270016410000230019124500780021426000730029230000260036550000200039152100210041152600190043254100060045156200560045765000480051365000270056170000230058815966687OSt20140310182856.0091029s2009 ph 001 0 eng  a 2009516471 a9789712352829 aDLCcDLC alcode aa-ph---00aKPM 2790b.D4 2009 2FIL 336.2012b.D4 20091 aDe Leon, Hector M.14aThe fundamentals of taxationcDe Leon, Hector S., De Leon, Hector M., Jr. aManila, PhilippinesbPublished & distributed by Rex Book Storec2009 axxvii, 437 p.c23 cm. aIncludes index. aCollege Students c1210L to 1700L j1 eFor Circulation. 1 Copy Available in the Collection 0aTaxationxLaw and legislationzPhilippines. 0aTaxationzPhilippines.1 aDe Leon, Hector M.